LEADER 04788 am 2200805 n 450 001 9910585499803321 005 20220103 010 $a2-7283-1245-1 024 7 $a10.4000/books.efr.40455 035 $a(CKB)5310000000009106 035 $a(FrMaCLE)OB-efr-40455 035 $a(oapen)https://directory.doabooks.org/handle/20.500.12854/91840 035 $a(PPN)264713850 035 $a(EXLCZ)995310000000009106 100 $a20220728j|||||||| ||| 0 101 0 $afre 135 $auu||||||m|||| 181 $ctxt$2rdacontent 182 $cc$2rdamedia 183 $acr$2rdacarrier 200 10$aFaire parler et faire taire les statues $eDe l?invention de l?écriture à l?usage de l?explosif /$fCaroline Michel d?Annoville, Yann Rivière 210 $aRome $cPublications de l?École française de Rome$d2022 215 $a1 online resource (515 p.) 225 1 $aCollection de l'École française de Rome 311 $a2-7283-1244-3 330 $aL?enquête a pris pour point de départ une figure familière aux habitants du quartier de la place Navone, la célèbre statue parlante de Pasquino. Dès sa découverte à la Renaissance et jusqu?à nos jours, ce marbre antique est devenu le lieu d?affichage d?épigrammes et d?autres formes d?expression écrite à l?encontre des autorités religieuses et politiques, les « pasquinades ». A partir de ce cas spécifique dont la renommée à l?époque moderne est singulière, l?enquête s?est vite élargie à l?ensemble des manifestations illicites dont les statues ont été le réceptacle depuis l?Antiquité, mais aussi plus largement aux divers signes et manifestations qui leur ont été attribuées, sans négliger le lien unissant la statue elle-même, dès sa conception ou son installation dans un lieu public, et le texte qui l?accompagne officiellement. L?image statuaire, par la vie et les paroles qu?on lui prête, devient alors le lieu d?une expression revendicative, voire d?une contestation violente. Pour en finir avec les forces qu?elle déploie ou qui s?affrontent dans la représentation elle-même, il n?y a qu?un pas à franchir, lorsque la conjoncture s?offre aux manifestations brutales : la destruction ou la mutilation de l?objet lui-même. Ainsi les mécanismes à l??uvre pour « faire parler » une statue portent-ils toujours en eux le risque de les « faire taire » un jour. Les travaux réunis dans le présent volume ? centrés sur le monde gréco-romain, ils s?ouvrent à d?autres contextes et d?autres périodes - appartiennent donc aux deux volets indissociables d?un même effort d?explicitation, depuis la naissance de l?Ecriture jusqu?à l?âge de la médiatisation planétaire. 517 $aFaire parler et faire taire les statues 606 $aStatues$xPolitical aspects$xHistory$vCongresses 606 $aStatues$xSocial aspects$xHistory$vCongresses 606 $aArt$xPolitical aspects$xHistory$vCongresses 606 $aArt and society$xHistory$vCongresses 606 $aGraffiti$xPolitical aspects$xHistory$vCongresses 606 $aSculpture$xMutilation, defacement, etc$xHistory$vCongresses 610 $asculpture antique 610 $avandalisme 610 $astatue 615 0$aStatues$xPolitical aspects$xHistory 615 0$aStatues$xSocial aspects$xHistory 615 0$aArt$xPolitical aspects$xHistory 615 0$aArt and society$xHistory 615 0$aGraffiti$xPolitical aspects$xHistory 615 0$aSculpture$xMutilation, defacement, etc.$xHistory 700 $aAzoulay$b Vincent$0314962 701 $aBerthelet$b Yann$01291042 701 $aButterlin$b Pascal$01217733 701 $aCaseau$b Béatrice$0600013 701 $aCiancio Rossetto$b Paola$01315567 701 $aCourrier$b Cyril$0619831 701 $aDe Bruyn$b Gabriel$01315568 701 $ad?Annoville$b Caroline Michel$01315569 701 $aEstienne$b Sylvia$01238962 701 $aGiannottu$b Caterina$01315570 701 $aLastraioli$b Chiara$01312648 701 $aLavergne$b David$01314199 701 $aLiverani$b Paolo$0154543 701 $aMichel d?Annoville$b Caroline$01315571 701 $aPapini$b Massimiliano$0443877 701 $aRebillard$b Éric$0183889 701 $aRivière$b Yann$0422987 701 $aRosso$b Emmanuelle$01245216 701 $aSansterre$b Jean-Marie$0167176 701 $aTarzi$b Zemar$01315572 701 $ad?Annoville$b Caroline Michel$01315569 701 $aRivière$b Yann$0422987 712 02$aE?cole franc?aise de Rome, 801 0$bFR-FrMaCLE 906 $aBOOK 912 $a9910585499803321 996 $aFaire parler et faire taire les statues$93032384 997 $aUNINA LEADER 02942 am 2200517 n 450 001 9910214950503321 005 20170302 010 $a2-909194-58-2 024 7 $a10.4000/books.cefas.1667 035 $a(CKB)3710000001633131 035 $a(FrMaCLE)OB-cefas-1667 035 $a(oapen)https://directory.doabooks.org/handle/20.500.12854/62789 035 $a(PPN)202675203 035 $a(EXLCZ)993710000001633131 100 $a20170421j|||||||| ||| 0 101 0 $aeng 135 $auu||||||m|||| 181 $ctxt$2rdacontent 182 $cc$2rdamedia 183 $acr$2rdacarrier 200 10$aWomen and Civil Society: Capacity Building in Yemen $eA Research Perspective on Development /$fMaggy Grabundzija, Blandine Destremau 210 $aSanaa $cCentre français de recherche de la péninsule Arabique$d2017 215 $a1 online resource (180 p.) 330 $aThis work is the result of fruitful collaboration between the department of cooperation in the French Embassy in Sana'a and CEFAS (French CEnter for Archeology and Social Sciences in Sanna). It aims to present a joint reflection on experiences in gender and development projects, and to join in the debate they foster not only in Yemen, but on a much wider scale as well, beyond cultural and contextual particularities. This initiative connects with practical and critical research concerned with the transnational promotion of civil society, participation, empowerment and capacity building through various development and assistance schemes. It is divided up into two parts: firstly, a contribution by Blandine Destremau, aiming to provide a sense of perspective to the patterns of development implemented and experimented in Yemen, by sketching a critical history of ideas and institutions dealing with issues of gender and development. Secondly, an impact assessment carried out in the field by Maggy Grabundzija, an anthropologist, focusing on two projects funded by the French Social Development Fund, chosen for their engagement in girls' education in rural areas. 517 $aWomen and Civil Society 606 $aWomen in development$zYemen (Republic) 606 $aWomen$zYemen (Republic) 606 $aWomen$zYemen (Republic)$xSocial conditions 610 $adéveloppement 610 $aYémen 610 $agenre 615 0$aWomen in development 615 0$aWomen 615 0$aWomen$xSocial conditions. 700 $aGrabundzija$b Maggy$01308154 701 $aDestremau$b Blandine$0734613 701 $aAnouilh$b Dominique$01308155 701 $aDestremau$b Blandine$0734613 701 $aGrabundzija$b Maggy$01308154 701 $aTuchscherer$b Michel$01308156 712 02$aCentre franc?ais d'archeologie et de sciences sociales de Sanaa. 801 0$bFR-FrMaCLE 906 $aBOOK 912 $a9910214950503321 996 $aWomen and Civil Society: Capacity Building in Yemen$93029109 997 $aUNINA LEADER 01241nam 2200397 450 001 9910828929103321 005 20210208195506.0 010 $a3-8382-7312-5 035 $a(CKB)4100000009183679 035 $a(MiAaPQ)EBC6017504 035 $a(PPN)253336120 035 $a(EXLCZ)994100000009183679 100 $a20201014d2019 uy 0 101 0 $aeng 135 $aurcnu|||||||| 181 $ctxt$2rdacontent 182 $cc$2rdamedia 183 $acr$2rdacarrier 200 00$aLegal change in post-communist states $eprogress, reversions, explanations /$fPeter H. Solomon, Jr., Kaja Gadowska (editors) 210 1$aStuttgart :$cIbidem Verlag,$d[2019] 210 4$d©2019 215 $a1 online resource (341 pages) 225 1 $aSoviet and post-Soviet politics and society ;$v208 410 0$aSoviet and post-Soviet politics and society ;$v208. 606 $aPost-communism$zFormer Soviet republics 615 0$aPost-communism 676 $a320.94709049 702 $aSolomon$b Peter H. 702 $aGadowska$b Kaja 801 0$bMiAaPQ 801 1$bMiAaPQ 801 2$bMiAaPQ 906 $aBOOK 912 $a9910828929103321 996 $aLegal change in post-communist states$94034815 997 $aUNINA